Поверхностное пластическое деформирование внутренних слоев; Современные проблемы машиностроения

Manylion Llyfryddiaeth
Parent link:Современные проблемы машиностроения.— 2024.— С. 251-252
Prif Awdur: Протопопова Е. Ю.
Awduron Eraill: Лысак И. А. Илья Александрович
Crynodeb:Текстовый файл
Iaith:Rwseg
Cyhoeddwyd: 2024
Pynciau:
Mynediad Ar-lein:http://earchive.tpu.ru/handle/11683/85295
Fformat: Electronig Pennod Llyfr
KOHA link:https://koha.lib.tpu.ru/cgi-bin/koha/opac-detail.pl?biblionumber=679432

MARC

LEADER 00000naa2a2200000 4500
001 679432
005 20250411092755.0
090 |a 679432 
100 |a 20250401d2024 k||y0rusy50 ca 
101 0 |a rus 
102 |a RU 
135 |a drbn ---uucaa 
200 1 |a Поверхностное пластическое деформирование внутренних слоев  |f Протопопова Е. Ю., Лысак И. А. 
320 |a Список литературы: 6 назв 
336 |a Текстовый файл 
463 1 |0 679118  |9 679118  |t Современные проблемы машиностроения  |o сборник статей XVII Международной научно-технической конференции, г. Томск, 25–29 ноября 2024 г.  |f Национальный исследовательский Томский политехнический университет (ТПУ) ; ред. кол. А. И. Сечин, М. С. Кухта, Е. Н. Пашков [и др.]  |c Томск  |n Изд-во ТПУ  |d 2024  |u conference_tpu-2024-C45.pdf  |v С. 251-252 
545 1 |a Современные производственные технологии 
610 1 |a труды учёных ТПУ 
610 1 |a электронный ресурс 
610 1 |a точность изготовления 
610 1 |a высокая твердость 
610 1 |a параллельные плоскости 
610 1 |a пластическое деформирование 
610 1 |a дорнование 
700 1 |a Протопопова  |b Е. Ю. 
701 1 |a Лысак  |b И. А.  |c специалист в области автоматизации и робототехники  |c доцент Томского политехнического университета, кандидат технических наук  |f 1977-  |g Илья Александрович  |9 15895 
801 0 |a RU  |b 63413507  |c 20250401 
850 |a 63413507 
856 4 |u http://earchive.tpu.ru/handle/11683/85295  |z http://earchive.tpu.ru/handle/11683/85295 
942 |c CF